| 000 | 00374nam a22001457a 4500 | ||
|---|---|---|---|
| 003 | SGT | ||
| 082 |
_a658 _bI22G |
||
| 100 | _aGAUR, NISHA | ||
| 245 | _aImpact Of Work Stress Towards Work Life Balance A Study Of Judicial Officers In Indian Context | ||
| 260 |
_aGURUGRAM _bSGT UNIVERSITY _c2022 |
||
| 300 | _a225 | ||
| 650 | _aMANAGEMENT | ||
| 653 | _aPHD | ||
| 942 |
_2ddc _cTH |
||
| 999 |
_c26468 _d26468 |
||